<?xml version="1.0" encoding="UTF-8"?>
<collection xmlns="http://www.loc.gov/MARC21/slim">
 <record>
  <leader>00659ngm a22002055g 4500</leader>
  <controlfield tag="001">CEM.cems023843</controlfield>
  <controlfield tag="008">130507s1995##################0###0#####d</controlfield>
  <controlfield tag="005">20250707194511.0</controlfield>
  <datafield tag="245" ind1="1" ind2="0">
   <subfield code="a">Incas, el secreto de los ancestros /</subfield>
   <subfield code="c">Martha Conboy.</subfield>
  </datafield>
  <datafield tag="260" ind1=" " ind2=" ">
   <subfield code="a">Estados Unidos,</subfield>
   <subfield code="c">1995.</subfield>
  </datafield>
  <datafield tag="300" ind1=" " ind2=" ">
   <subfield code="a">48'.</subfield>
  </datafield>
  <datafield tag="490" ind1="0" ind2=" ">
   <subfield code="a">Civilizaciones perdidas</subfield>
  </datafield>
  <datafield tag="500" ind1=" " ind2=" ">
   <subfield code="a">Consultar en ventanilla.</subfield>
  </datafield>
  <datafield tag="538" ind1=" " ind2=" ">
   <subfield code="a">Soporte: DVD - Formato: AVI - Resolución: 640 x 480 - 25 fps - Grabación DRD</subfield>
  </datafield>
  <datafield tag="100" ind1="1" ind2=" ">
   <subfield code="a">Conboy, Martha.</subfield>
  </datafield>
  <datafield tag="710" ind1="2" ind2=" ">
   <subfield code="a">Time Life.</subfield>
  </datafield>
  <datafield tag="082" ind1="3" ind2="5">
   <subfield code="/">COM</subfield>
  </datafield>
  <datafield tag="653" ind1=" " ind2=" ">
   <subfield code="a">DOCUMENTAL</subfield>
  </datafield>
  <datafield tag="653" ind1=" " ind2=" ">
   <subfield code="a">INCAS</subfield>
  </datafield>
  <datafield tag="859" ind1=" " ind2=" ">
   <subfield code="a">CEMS</subfield>
   <subfield code="b">BIB. CEMS - Depto. Recursos Didacticos</subfield>
   <subfield code="h">351</subfield>
   <subfield code="i">COM</subfield>
   <subfield code="k">DRD</subfield>
   <subfield code="p">2486.15</subfield>
   <subfield code="t">Ej.1</subfield>
  </datafield>
 </record>
</collection>
